[Event "13sen.WMH 2003 Senioren"]
[Site "Bad Zwischenahn(17.11.-29.11.2003)"]
[Date "2003.??.??"]
[Round "8.34"]
[White "Baumgartner, Walter,Dr."]
[Black "Vucenovic, Dragomir"]
[Result "0-1"]
[WhiteElo "2046"]
[BlackElo "2204"]
[PlyCount "77"]


1. d4 Nf6 2. c4 g6 3. g3 Bg7 4. Bg2 O-O 5. Nc3 d6 6. Nf3 Nbd7 7. O-O e5 8. e4
c6 9. h3 Re8 10. Re1 exd4 11. Nxd4 Qe7 12. Be3 Nc5 13. Qc2 Bd7 14. Bf4 Ne6 15.
Nxe6 Qxe6 16. Qd3 d5 17. cxd5 cxd5 18. e5 Nh5 19. Bd2 Bxe5 20. Nxd5 Qa6 21.
Qxa6 bxa6 22. Ne7+ Rxe7 23. Bxa8 Bxh3 24. Bc3 Bd6 25. Rxe7 Bxe7 26. Bf3 Nf6 27.
Bd4 Bd6 28. a3 Nd7 29. Bxa7 Ne5 30. Be2 Nc6 31. Bb6 Be6 32. Rc1 Ne7 33. Rc2 Nd5
34. Ba5 Bf5 35. Rd2 Ne7 36. Bxa6 Nc6 37. Rxd6 Nxa5 38. Rf6 Be6 39. b4 0-1

[Event "13sen.WMH 2003 Senioren"]
[Site "Bad Zwischenahn(17.11.-29.11.2003)"]
[Date "2003.??.??"]
[Round "8.80"]
[White "Broberg, Horst"]
[Black "Assmann, Siegfried"]
[Result "1-0"]
[WhiteElo "1958"]
[BlackElo "1790"]
[PlyCount "50"]


1. e4 c5 2. Nf3 Nc6 3. Bb5 d6 4. d4 cxd4 5. Qxd4 Bd7 6. Bxc6 bxc6 7. c4 Qb6 8.
Qd3 c5 9. Nc3 e6 10. O-O a6 11. b3 Rd8 12. Bb2 Bc6 13. Rfe1 Nf6 14. Nd5 Bxd5
15. exd5 e5 16. Qf5 Be7 17. Ng5 O-O 18. f4 h6 19. fxe5 dxe5 20. Nh3 g6 21. Qxe5
Rfe8 22. Qf4 g5 23. Nxg5 hxg5 24. Qxg5+ Kf8 25. Qh6+ Kg8 1-0

[Event "13sen.WMH 2003 Senioren"]
[Site "Bad Zwischenahn(17.11.-29.11.2003)"]
[Date "2003.??.??"]
[Round "8.86"]
[White "Spurga, Josef"]
[Black "Grabara, Manfred"]
[Result "1-0"]
[WhiteElo "1854"]
[BlackElo "1741"]
[PlyCount "37"]


1. e4 d5 2. exd5 Nf6 3. d4 Nxd5 4. c4 Nb6 5. Nf3 Bg4 6. Nc3 e5 7. Be2 exd4 8.
Nxd4 Bxe2 9. Qxe2+ Be7 10. Nf5 Kf8 11. Nxe7 Qxe7 12. Be3 N8d7 13. O-O Qb4 14.
Rad1 c6 15. Rfe1 Nf6 16. a3 Qb3 17. Bd4 Nbd7 18. Qe7+ Kg8 19. Bxf6 1-0

[Event "13sen.WMH 2003 Senioren"]
[Site "Bad Zwischenahn(17.11.-29.11.2003)"]
[Date "2003.11.29"]
[Round "9"]
[White "Assmann, Siegfried"]
[Black "Becker, Karl-Heinz[31Köln]"]
[Result "1-0"]
[WhiteElo "1790"]
[BlackElo "1534"]
[PlyCount "69"]


1. d4 Nf6 2. e3 d5 3. Bd3 g6 4. Nd2 Bg7 5. Qe2 e6 6. f4 O-O 7. Ngf3 Nbd7 8. O-O
c5 9. c3 b6 10. Ne5 Bb7 11. Qf3 Nxe5 12. fxe5 Nd7 13. Qg4 h5 14. Qh3 Qg5 15.
Rf4 Qh6 16. Rh4 Bxe5 17. dxe5 Nxe5 18. Be2 Qg7 19. Nf3 Ng4 20. Qg3 f6 21. h3
Nh6 22. Bd3 Nf5 23. Bxf5 exf5 24. Bd2 Rae8 25. Rf4 Re4 26. Nh4 Kh7 27. Nf3 Bc8
28. Rxe4 dxe4 29. Nh2 Qd7 30. Be1 Ba6 31. Qf2 Bd3 32. Qh4 c4 33. g4 Be2 34. Qf2
Bd3 35. Qh4 1-0

[Event "13sen.WMH 2003 Senioren"]
[Site "Bad Zwischenahn(17.11.-29.11.2003)"]
[Date "2003.11.29"]
[Round "9"]
[White "Bardin, Christian"]
[Black "Brandt, Wilhelm"]
[Result "0-1"]
[WhiteElo "1763"]
[BlackElo "1871"]
[PlyCount "128"]


1. e4 d6 2. c4 c5 3. Ne2 e5 4. g3 f5 5. exf5 Bxf5 6. Bg2 Nc6 7. O-O Nf6 8. Nbc3
Bd3 9. Re1 Qd7 10. Nf4 Bxc4 11. d3 Bf7 12. Nfd5 Be7 13. Nxf6+ Bxf6 14. Nd5 Bd8
15. f4 O-O 16. fxe5 dxe5 17. Nc3 Bb6 18. Kh1 Rae8 19. Be3 Be6 20. Be4 Bg4 21.
Qb3+ Kh8 22. Qd5 Qxd5 23. Nxd5 Nd4 24. Bxd4 exd4 25. Nxb6 axb6 26. Bxb7 g6 27.
Rxe8 Rxe8 28. Be4 Kg7 29. Rf1 Re5 30. Kg1 c4 31. Rf2 Be6 32. a3 cxd3 33. Bxd3
Re1+ 34. Rf1 Re3 35. Rd1 Kf6 36. Kf2 Bg4 37. Rd2 h5 38. Be2 Bxe2 39. Rxe2 Rb3
40. Ke1 Kf5 41. Kd1 d3 42. Re3 g5 43. h3 h4 44. gxh4 gxh4 45. Kd2 Kf4 46. Rxd3
Rxb2+ 47. Kc3 Rg2 48. Kc4 Rg3 49. Rd4+ Kg5 50. Rd5+ Kf6 51. Rd6+ Ke5 52. Rxb6
Rxa3 53. Rb5+ Kf4 54. Kd4 Rxh3 55. Rb8 Ra3 56. Rf8+ Kg3 57. Rg8+ Kf2 58. Ke4 h3
59. Rf8+ Kg2 60. Rb8 h2 61. Rb2+ Kh3 62. Rb1 Rg3 63. Kf4 Rg4+ 64. Kf3 Rg1 0-1

[Event "13sen.WMH 2003 Senioren"]
[Site "Bad Zwischenahn(17.11.-29.11.2003)"]
[Date "2003.11.29"]
[Round "9"]
[White "Becker, Guenter[40Steinb]"]
[Black "Jessen, Ernst"]
[Result "1/2-1/2"]
[WhiteElo "1669"]
[BlackElo "1570"]
[PlyCount "134"]


1. c4 g6 2. Nc3 Bg7 3. g3 Nf6 4. Bg2 O-O 5. e4 e5 6. Nge2 d6 7. O-O Bg4 8. h3
Be6 9. d3 Qc8 10. Kh2 Nc6 11. Be3 Nd7 12. f4 Ne7 13. Nd5 Bxd5 14. cxd5 exf4 15.
Nxf4 c5 16. dxc6 Nxc6 17. Rf2 Nd4 18. Rc1 Qd8 19. Nd5 Nb6 20. Nxb6 axb6 21. Rc4
Nc6 22. a3 b5 23. Rc1 Nd4 24. Qg4 Rc8 25. Rcf1 Rc7 26. Bd2 Rc2 27. Bc3 Rxf2 28.
Rxf2 Qb6 29. Rf1 Be5 30. Bd2 Ne6 31. Qf3 Qd8 32. Bh6 Ng7 33. Qe3 Bxb2 34. Rb1
Qf6 35. Bg5 Qe5 36. Bf4 Qc3 37. Bxd6 Rd8 38. e5 Nf5 39. Qb6 Rc8 40. Qxb5 Bxa3
41. Bxa3 Qxa3 42. Qd7 Qc3 43. Rxb7 Rf8 44. e6 Qe5 45. exf7+ Kg7 46. Qc7 Qxc7
47. Rxc7 Rxf7 48. Rxf7+ Kxf7 49. Be4 Nd6 50. Bd5+ Kf6 51. Kg2 Ke5 52. Bg8 h6
53. Kf3 Ne8 54. Bf7 Nf6 55. Bxg6 Nd5 56. Be4 Nf6 57. Ke3 Nh5 58. d4+ Kf6 59.
Kf3 Ke6 60. g4 Nf6 61. Kf4 Ne8 62. h4 Nf6 63. d5+ Kf7 64. Kf5 Ne8 65. Ke5 Nf6
66. Bf5 Ne8 67. Be6+ Ke7 1/2-1/2

[Event "13sen.WMH 2003 Senioren"]
[Site "Bad Zwischenahn(17.11.-29.11.2003)"]
[Date "2003.11.29"]
[Round "9"]
[White "Boehm, Karl"]
[Black "Kunze, Manfred"]
[Result "1/2-1/2"]
[WhiteElo "1615"]
[BlackElo "1550"]
[PlyCount "96"]


1. d4 Nf6 2. c4 c6 3. Nc3 d6 4. Bf4 Nbd7 5. Nf3 e6 6. e3 Be7 7. h3 a6 8. Bd3 d5
9. O-O c5 10. Bh2 b6 11. Rc1 Bb7 12. a3 Ne4 13. cxd5 Nxc3 14. Rxc3 Bxd5 15.
dxc5 Nxc5 16. Be2 O-O 17. Be5 Bxf3 18. Bxf3 Qxd1 19. Rxd1 Rad8 20. Rxd8 Rxd8
21. Bc7 Rd3 22. Rxd3 Nxd3 23. b4 a5 24. bxa5 bxa5 25. Bxa5 Bxa3 26. Bc7 Bc5 27.
Kf1 f6 28. Bd1 f5 29. Bb3 Kf7 30. Bc4 Nb4 31. Be5 g5 32. Ke2 Nc6 33. Bc3 h5 34.
g3 Be7 35. Bb5 Nd8 36. Kf3 Nb7 37. Be2 Nd6 38. Bd3 g4+ 39. hxg4 hxg4+ 40. Ke2
Kg6 41. Bb4 Kf6 42. Bc3+ e5 43. Bb4 Ne4 44. Bxe7+ Kxe7 45. Bxe4 fxe4 46. Kd2
Kd6 47. Kc3 Kc5 48. Kb3 Kb5 1/2-1/2

[Event "13sen.WMH 2003 Senioren"]
[Site "Bad Zwischenahn(17.11.-29.11.2003)"]
[Date "2003.11.29"]
[Round "9"]
[White "Boeven, Manfred"]
[Black "Bakalarczyk, Wlodzimierz"]
[Result "1-0"]
[WhiteElo "2005"]
[BlackElo "1905"]
[PlyCount "49"]


1. d4 Nf6 2. Nc3 c6 3. e4 d6 4. f4 g6 5. Nf3 Bg7 6. Bd3 b5 7. O-O b4 8. Ne2 Qb6
9. Kh1 O-O 10. Qe1 Ba6 11. Qh4 Bxd3 12. cxd3 Qb5 13. Ng3 Qxd3 14. Bd2 Nxe4 15.
Nxe4 Na6 16. f5 d5 17. fxg6 fxg6 18. Neg5 h6 19. Ne6 g5 20. Qe1 Rf7 21. Nxg7
Rxg7 22. Rd1 Qb5 23. Qe6+ Kh7 24. Ne5 b3 25. Rf7 1-0

[Event "13sen.WMH 2003 Senioren"]
[Site "Bad Zwischenahn(17.11.-29.11.2003)"]
[Date "2003.11.29"]
[Round "9"]
[White "Bolduan, Albrecht"]
[Black "Suess, Horst"]
[Result "0-1"]
[WhiteElo "1368"]
[BlackElo "1301"]
[PlyCount "106"]


1. d4 Nf6 2. e3 e6 3. c4 d6 4. Nf3 Be7 5. Bd3 Nc6 6. Nc3 Bd7 7. a3 O-O 8. Qe2
h6 9. e4 e5 10. d5 Nb8 11. h3 c6 12. Be3 Na6 13. b4 Nc7 14. g3 cxd5 15. cxd5 a6
16. Nh4 Nh7 17. Nf5 Bxf5 18. exf5 Bg5 19. Be4 Bxe3 20. fxe3 Nf6 21. Bg2 Qd7 22.
e4 Rfc8 23. a4 Rab8 24. O-O Na8 25. Rfc1 Rc7 26. b5 Rbc8 27. Na2 Nb6 28. Rxc7
Rxc7 29. bxa6 Qxa4 30. axb7 Rxb7 31. Qe1 Ra7 32. Qb1 Qd4+ 33. Kh2 Nc4 34. Nc3
Rxa1 35. Qxa1 Kh7 36. Qe1 Ne3 37. Nb5 Qc5 38. Nxd6 Nxg2 39. Kxg2 Qxd6 40. Kf3
Qa3+ 41. Qe3 Qa6 42. Qe2 Qxe2+ 43. Kxe2 Nxe4 44. Ke3 Nd6 45. h4 f6 46. g4 g6
47. Kf3 Kg7 48. fxg6 Kxg6 49. Ke3 f5 50. Kf3 fxg4+ 51. Kxg4 h5+ 52. Kg3 Kf5 53.
Kf3 e4+ 0-1

[Event "13sen.WMH 2003 Senioren"]
[Site "Bad Zwischenahn(17.11.-29.11.2003)"]
[Date "2003.11.29"]
[Round "9"]
[White "Bomert, Egon"]
[Black "Rubinstein, Mark"]
[Result "1/2-1/2"]
[WhiteElo "1942"]
[BlackElo "1938"]
[PlyCount "82"]


1. Nf3 Nf6 2. d4 g6 3. c4 Bg7 4. Nc3 O-O 5. e4 d6 6. Be2 e5 7. d5 c5 8. Bg5 h6
9. Bd2 Kh7 10. Bd3 Na6 11. a3 Nc7 12. b4 b6 13. bxc5 bxc5 14. Rb1 Bd7 15. Ne2
Na6 16. Ng3 Rb8 17. O-O Rxb1 18. Qxb1 Qc7 19. Qc2 Rb8 20. Bc3 Qb6 21. Nd2 h5
22. Rb1 Qd8 23. Nf3 Rxb1+ 24. Qxb1 Qb8 25. Qxb8 Nxb8 26. Ba5 Ne8 27. Ne1 Bh6
28. Ne2 Kg7 29. g3 Bc8 30. Kg2 Bg5 31. f4 Be7 32. fxe5 dxe5 33. Nf3 f6 34. Nc3
Kf7 35. Nb5 a6 36. Nc3 Nd6 37. Na4 Nd7 38. Nd2 Nb7 39. Bc3 Bd8 40. Nb3 Ke7 41.
Nb2 Kd6 1/2-1/2

[Event "13sen.WMH 2003 Senioren"]
[Site "Bad Zwischenahn(17.11.-29.11.2003)"]
[Date "2003.11.29"]
[Round "9"]
[White "Bromberger, Guenter"]
[Black "Heimberg, Guenter"]
[Result "0-1"]
[WhiteElo "1413"]
[BlackElo "1667"]
[PlyCount "62"]


1. d4 d5 2. c4 Nf6 3. e3 Bf5 4. Bd3 Bxd3 5. Qxd3 e6 6. Nf3 Be7 7. O-O O-O 8. c5
b6 9. b4 h6 10. Bd2 Ne4 11. Be1 f5 12. Ne5 Qe8 13. f3 Nf6 14. Nc3 Nc6 15. Nxc6
Qxc6 16. b5 Qe8 17. c6 Bd6 18. Bh4 Qh5 19. g3 g5 20. Bxg5 hxg5 21. Rf2 Bb4 22.
a3 Bxc3 23. Qxc3 g4 24. Qc2 Qh6 25. Re1 a6 26. a4 axb5 27. axb5 Ra5 28. Qb2
Rfa8 29. Qb4 Kf7 30. f4 Ne4 31. Rfe2 Ra4 0-1

[Event "13sen.WMH 2003 Senioren"]
[Site "Bad Zwischenahn(17.11.-29.11.2003)"]
[Date "2003.11.29"]
[Round "9"]
[White "Buss, Richard"]
[Black "Olberg, Gerhard"]
[Result "0-1"]
[WhiteElo "1404"]
[BlackElo "1630"]
[PlyCount "94"]


1. d4 Nf6 2. c4 g6 3. Nc3 Bg7 4. e4 d6 5. Be2 O-O 6. Nf3 e5 7. d5 Nbd7 8. O-O
h6 9. h3 Kh7 10. Nh2 g5 11. Bd3 Nc5 12. Bc2 Kg8 13. b4 Ncd7 14. a4 a5 15. b5 b6
16. Ne2 Re8 17. Ng3 Nf8 18. Re1 Ng6 19. Nf5 Bd7 20. g4 Nf4 21. Bxf4 gxf4 22. f3
Nh7 23. Qe2 Kh8 24. Nxg7 Kxg7 25. Qf2 Rg8 26. Bd3 Kh8 27. Kh1 Rg7 28. Rg1 Qe7
29. Bf1 Rag8 30. h4 h5 31. Bh3 Nf6 32. Rae1 hxg4 33. fxg4 Bxg4 34. Bxg4 Nxg4
35. Nxg4 Rxg4 36. Rxg4 Rxg4 37. Rg1 Rxh4+ 38. Kg2 Rg4+ 39. Kf1 Rxg1+ 40. Qxg1
Qh4 41. Qg2 Kh7 42. Kg1 f6 43. Qh2 Qxh2+ 44. Kxh2 Kg6 45. Kh3 Kg5 46. Kg2 Kg4
47. Kf2 f5 0-1

[Event "13sen.WMH 2003 Senioren"]
[Site "Bad Zwischenahn(17.11.-29.11.2003)"]
[Date "2003.11.29"]
[Round "9"]
[White "Daitche, Josef"]
[Black "Knab, Horst"]
[Result "0-1"]
[WhiteElo "1649"]
[BlackElo "1541"]
[PlyCount "94"]


1. Nf3 Nf6 2. c4 e6 3. Nc3 b6 4. e3 Bb7 5. Be2 Be7 6. O-O O-O 7. b3 d5 8. Bb2
Ne4 9. Nxe4 dxe4 10. Ne1 Nd7 11. Qc2 Nf6 12. g3 Bb4 13. Rd1 Qe7 14. d3 Rad8 15.
d4 Rd7 16. Ng2 Rfd8 17. h4 Bd6 18. Rd2 c5 19. Rfd1 Bb8 20. Kh2 h5 21. d5 exd5
22. Bxf6 Qxf6 23. Bxh5 d4 24. Bg4 d3 25. Qb1 Rd6 26. Nf4 g6 27. Kg2 Qg7 28. h5
f5 29. Bh3 g5 30. Bxf5 gxf4 31. exf4 e3+ 32. f3 exd2 33. Rxd2 Rd4 34. Bg4 Qh6
35. Qe1 Qf6 36. Qe3 Rxf4 37. gxf4 Bxf4 38. Qe6+ Qxe6 39. Bxe6+ Kg7 40. Rd1 Kf6
41. Bd5 Bxd5 42. Rxd3 Ke5 43. Kh3 Rd6 44. cxd5 Rxd5 45. Rc3 Rd4 46. a3 a5 47.
Kg4 Bd2+ 0-1

[Event "13sen.WMH 2003 Senioren"]
[Site "Bad Zwischenahn(17.11.-29.11.2003)"]
[Date "2003.11.29"]
[Round "9"]
[White "Daniel, Wolfgang"]
[Black "Rehe, Walter"]
[Result "1/2-1/2"]
[WhiteElo "1930"]
[BlackElo "1956"]
[PlyCount "26"]


1. e4 e6 2. d3 d5 3. Nd2 Nf6 4. g3 dxe4 5. dxe4 Bc5 6. Bg2 O-O 7. Ngf3 Nc6 8.
O-O Qe7 9. Qe2 a6 10. c3 Ba7 11. Nb3 e5 12. Be3 Bg4 13. Bxa7 Nxa7 1/2-1/2

[Event "13sen.WMH 2003 Senioren"]
[Site "Bad Zwischenahn(17.11.-29.11.2003)"]
[Date "2003.11.29"]
[Round "9"]
[White "Dirksen, Arno"]
[Black "Dziura, Dieter"]
[Result "0-1"]
[WhiteElo "1678"]
[BlackElo "1800"]
[PlyCount "95"]


1. e4 c5 2. Nf3 a6 3. d4 cxd4 4. Nxd4 Nf6 5. Nc3 e5 6. Nf5 d5 7. Bg5 Bb4 8.
Nxg7+ Kf8 9. Bh6 Kg8 10. Be2 Nxe4 11. O-O Nxc3 12. bxc3 Bf8 13. Qd3 Bxg7 14.
Be3 e4 15. Qd2 Nc6 16. Rad1 Be6 17. Rb1 Qa5 18. Rb3 d4 19. Bf4 Bxb3 20. axb3
Qxc3 21. Qd1 Ne5 22. Bd2 Qc6 23. Bf4 Kf8 24. Kh1 Rd8 25. Bc1 Rg8 26. Ba3+ Ke8
27. Re1 Bf8 28. b4 Qc3 29. Qc1 Bxb4 30. Bxb4 Qxb4 31. Bf1 f5 32. Be2 Kd7 33.
Rd1 Nc6 34. c3 Qc5 35. Qb2 Kc7 36. cxd4 Qb4 37. Qa2 Nxd4 38. Bf1 Nc6 39. Rb1
Qd2 40. Qb3 Qb4 41. Qa2 Qc5 42. Qf7+ Qe7 43. Qxf5 Rdf8 44. Qh3 Rxf2 45. Qe3
Rgf8 46. Qb6+ Kc8 47. Bc4 Qb4 48. Rxb4 0-1

[Event "13sen.WMH 2003 Senioren"]
[Site "Bad Zwischenahn(17.11.-29.11.2003)"]
[Date "2003.11.29"]
[Round "9"]
[White "Farin, Friedrich"]
[Black "Schuller, Erhard"]
[Result "0-1"]
[WhiteElo "1393"]
[BlackElo "1586"]
[PlyCount "94"]


1. d4 Nf6 2. Nc3 e6 3. f3 d5 4. e4 dxe4 5. fxe4 c5 6. Bb5+ Bd7 7. Bg5 Qa5 8.
Bxd7+ Nbxd7 9. Qd2 cxd4 10. Qxd4 Qxg5 11. Nf3 Qc5 12. O-O-O Qxd4 13. Rxd4 Bc5
14. Rd3 e5 15. h3 h6 16. g4 Bb6 17. Rhd1 Nc5 18. Nxe5 Nxd3+ 19. cxd3 O-O 20. d4
Rfe8 21. h4 Bxd4 22. Rxd4 Rxe5 23. Nd5 Nxd5 24. exd5 Rd8 25. d6 Rd7 26. Rd3 Re6
27. b3 Rexd6 28. Rxd6 Rxd6 29. Kc2 f6 30. a4 Rd4 31. Kc3 Rxg4 32. a5 Rxh4 33.
b4 Kf7 34. b5 Ke6 35. a6 b6 36. Kd2 Rh3 37. Ke2 Ke5 38. Kf2 Kf4 39. Kg2 Ra3 40.
Kh2 h5 41. Kg2 Kg4 42. Kf2 h4 43. Ke2 h3 44. Kd2 h2 45. Kc2 h1=R 46. Kb2 Rg3
47. Kc2 Rh2+ 0-1

[Event "13sen.WMH 2003 Senioren"]
[Site "Bad Zwischenahn(17.11.-29.11.2003)"]
[Date "2003.11.29"]
[Round "9"]
[White "Fleischer, Martin"]
[Black "Erdmann, Wolfgang"]
[Result "1-0"]
[WhiteElo "1681"]
[BlackElo "1538"]
[PlyCount "120"]


1. e4 d6 2. c3 Nf6 3. h3 Nxe4 4. Qa4+ Nd7 5. Qxe4 Nf6 6. Qc2 Qd7 7. d4 Qe6+ 8.
Qe2 Qf5 9. Qb5+ c6 10. Qxf5 Bxf5 11. Nf3 h6 12. Bc4 g5 13. g4 Bg6 14. Be3 b5
15. Be2 a5 16. Nbd2 Ne4 17. h4 Nxd2 18. Nxd2 gxh4 19. Rxh4 Bg7 20. f4 e6 21.
Bf3 Kd7 22. Be4 f5 23. Bf3 Bf6 24. g5 Bg7 25. gxh6 Rxh6 26. Rxh6 Bxh6 27. Ke2
Ke7 28. Bxc6 Bh5+ 29. Kd3 Rc8 30. Bxb5 Rb8 31. a4 Be8 32. b3 Bg6 33. b4 axb4
34. cxb4 Be8 35. Bxe8 Kxe8 36. b5 Bf8 37. Nc4 d5 38. Ne5 Bd6 39. Nc6 Rb7 40.
Rb1 Kd7 41. a5 Rc7 42. Rh1 Rc8 43. Rh7+ Ke8 44. a6 Bc7 45. Re7+ Kf8 46. Rxe6
Kf7 47. Re7+ Kf6 48. Rd7 Ke6 49. Rxd5 Bd6 50. Kc4 Rc7 51. Re5+ Bxe5 52. d5+ Kd7
53. fxe5 Kc8 54. b6 Rf7 55. b7+ Rxb7 56. axb7+ Kxb7 57. Kc5 Kc8 58. Ne7+ Kd7
59. Nxf5 Ke8 60. Kd6 Kf7 1-0

[Event "13sen.WMH 2003 Senioren"]
[Site "Bad Zwischenahn(17.11.-29.11.2003)"]
[Date "2003.11.29"]
[Round "9"]
[White "Gerhardt, Peter-Michael"]
[Black "Peleikis, Horst"]
[Result "1/2-1/2"]
[WhiteElo "2016"]
[BlackElo "1916"]
[PlyCount "43"]


1. d4 Nf6 2. c4 g6 3. Nc3 Bg7 4. e4 d6 5. f3 Nbd7 6. Be3 c5 7. Nge2 cxd4 8.
Nxd4 Ne5 9. Qd2 Bd7 10. Be2 Rc8 11. b3 O-O 12. O-O a6 13. Rac1 Re8 14. h3 Nc6
15. Nc2 Qa5 16. Na4 Qxd2 17. Bxd2 Nh5 18. Be3 Ng3 19. Rf2 Nxe2+ 20. Rxe2 Be6
21. c5 d5 22. exd5 1/2-1/2

[Event "13sen.WMH 2003 Senioren"]
[Site "Bad Zwischenahn(17.11.-29.11.2003)"]
[Date "2003.11.29"]
[Round "9"]
[White "Gestrich, Wolfgang,Prof.Dr."]
[Black "Kaiser, Hans[35BGladb]"]
[Result "1/2-1/2"]
[WhiteElo "1401"]
[BlackElo "1583"]
[PlyCount "43"]


1. c4 e5 2. Nc3 Nf6 3. e4 Nc6 4. g3 a6 5. a3 Bc5 6. d3 d6 7. Bg2 Be6 8. h3 h6
9. b4 Ba7 10. Nge2 Ne7 11. O-O Qd7 12. Kh2 g5 13. Be3 g4 14. h4 c6 15. Bxa7
Rxa7 16. Qd2 Ng6 17. f4 gxf3 18. Rxf3 Ng4+ 19. Kh1 h5 20. d4 Bxc4 21. Raf1 f6
22. d5 1/2-1/2

[Event "13sen.WMH 2003 Senioren"]
[Site "Bad Zwischenahn(17.11.-29.11.2003)"]
[Date "2003.11.29"]
[Round "9"]
[White "Heinemann, Klaus-Detlef"]
[Black "Stiemerling, Karl-Heinz"]
[Result "1/2-1/2"]
[WhiteElo "1415"]
[BlackElo "1623"]
[PlyCount "132"]


1. e4 c5 2. Nf3 Nc6 3. Nc3 d6 4. d4 cxd4 5. Nxd4 Bd7 6. Bc4 e6 7. O-O Nf6 8.
Bg5 Be7 9. Kh1 O-O 10. f4 Ne8 11. Bxe7 Qxe7 12. f5 Ne5 13. fxe6 Bxe6 14. Bxe6
fxe6 15. Rxf8+ Kxf8 16. Qh5 Kg8 17. Qh3 Nc7 18. Rf1 Re8 19. Qe3 a6 20. b3 Ng4
21. Qg3 Nf6 22. h3 Kh8 23. Kh2 Rd8 24. Qg5 Nce8 25. e5 dxe5 26. Qxe5 Qd6 27.
Nf3 Kg8 28. Re1 h6 29. g3 Qxe5 30. Nxe5 Rd2+ 31. Re2 Rd4 32. Kg2 Kf8 33. Kf3
Nd6 34. g4 Ke7 35. a3 g5 36. Ng6+ Kf7 37. Ne5+ Kg7 38. Nd3 Nd5 39. Nxd5 Rxd5
40. Rxe6 Nf7 41. Rb6 Nd8 42. Ke4 Rd7 43. c4 Re7+ 44. Kf3 Nc6 45. Nc5 Na5 46.
Re6 Rf7+ 47. Ke3 Rc7 48. Kd4 Nc6+ 49. Kd5 Nd8 50. Rd6 Rc8 51. Rd7+ Kf6 52. Nxb7
Nxb7 53. Rxb7 Rd8+ 54. Ke4 Re8+ 55. Kf3 Ke5 56. Rb6 Kd4 57. Rxh6 Re3+ 58. Kf2
Rxb3 59. Rxa6 Rxh3 60. Kg2 Rc3 61. Ra5 Kxc4 62. Rxg5 Rxa3 63. Rg8 Kd5 64. Rf8
Ke6 65. Rf2 Ke7 66. g5 Ra5 1/2-1/2

[Event "13sen.WMH 2003 Senioren"]
[Site "Bad Zwischenahn(17.11.-29.11.2003)"]
[Date "2003.11.29"]
[Round "9"]
[White "Hellwege, Werner"]
[Black "Broberg, Horst"]
[Result "1-0"]
[WhiteElo "1887"]
[BlackElo "1958"]
[PlyCount "69"]


1. d4 e6 2. Nf3 Nf6 3. e3 b6 4. Nbd2 Bb7 5. Bd3 d5 6. Ne5 Be7 7. f4 Ne4 8. Qf3
Nxd2 9. Bxd2 O-O 10. Qh3 f5 11. O-O-O Nd7 12. g4 Nxe5 13. fxe5 g6 14. gxf5 exf5
15. Rdf1 Bc8 16. Qg2 Be6 17. h4 c5 18. c3 c4 19. Bc2 b5 20. Rfg1 a5 21. e4 dxe4
22. h5 g5 23. Bxg5 Bxg5+ 24. Qxg5+ Qxg5+ 25. Rxg5+ Kh8 26. Kd2 Bd5 27. Rhg1 f4
28. e6 e3+ 29. Ke2 Bxe6 30. Rxb5 f3+ 31. Kxe3 f2 32. Rf1 Bh3 33. Rxf2 Rxf2 34.
Kxf2 Rg8 35. Be4 1-0

[Event "13sen.WMH 2003 Senioren"]
[Site "Bad Zwischenahn(17.11.-29.11.2003)"]
[Date "2003.11.29"]
[Round "9"]
[White "Hippler, Hans-Werner"]
[Black "Weller, Friedhelm"]
[Result "0-1"]
[WhiteElo "1456"]
[BlackElo "1704"]
[PlyCount "82"]


1. e4 e5 2. Bc4 d6 3. h3 Nf6 4. d3 h6 5. Nf3 Be7 6. O-O O-O 7. Nc3 c6 8. a3
Nbd7 9. Ba2 b6 10. Nh2 Kh7 11. f4 Bb7 12. f5 d5 13. Ng4 a6 14. Qf3 d4 15. Ne2
c5 16. Nxf6+ Bxf6 17. Ng3 Bg5 18. Nh5 g6 19. Ng3 Qe7 20. Qe2 Bxc1 21. Raxc1 Qg5
22. Qf2 Rac8 23. Ne2 b5 24. Qg3 Qd2 25. Qe1 Qxe1 26. Rcxe1 c4 27. fxg6+ fxg6
28. Rxf8 Nxf8 29. b3 cxd3 30. cxd3 Rc2 31. Bb1 Rb2 32. b4 Ne6 33. Kf1 h5 34. g3
Kg7 35. h4 Bc8 36. Kf2 Kf6 37. Kf3 g5 38. Nxd4 Nxd4+ 39. Ke3 g4 40. Rf1+ Kg7
41. Rc1 Re2# 0-1

[Event "13sen.WMH 2003 Senioren"]
[Site "Bad Zwischenahn(17.11.-29.11.2003)"]
[Date "2003.11.29"]
[Round "9"]
[White "Iken, Meindert"]
[Black "Bodinger, Karl"]
[Result "1/2-1/2"]
[WhiteElo "1476"]
[BlackElo "1394"]
[PlyCount "89"]


1. e4 c5 2. c3 Nf6 3. e5 Nd5 4. Nf3 e6 5. Bc4 Nb6 6. Bd3 d5 7. O-O Be7 8. Qc2
g6 9. Bb5+ Bd7 10. Be2 Nc6 11. d4 Rc8 12. Qd1 O-O 13. Bh6 Re8 14. Qc1 cxd4 15.
Qd2 dxc3 16. Nxc3 a6 17. h3 Qc7 18. Qf4 f6 19. exf6 Qxf4 20. Bxf4 Bxf6 21. Rad1
Kf7 22. Bd3 Nb4 23. Be5 Nxd3 24. Bxf6 Nb4 25. Be5 h6 26. Bd4 Na8 27. Ne5+ Ke7
28. Nxg6+ Kf7 29. Ne5+ Ke7 30. Be3 Bc6 31. Bxh6 Kf6 32. Ng4+ Kg6 33. Rd4 e5 34.
Rxb4 a5 35. Rb3 d4 36. Nb5 Bd7 37. Bd2 a4 38. Rb4 Rc2 39. Nd6 Re6 40. Ne4 Bc6
41. f3 Bxe4 42. fxe4 Rxd2 43. Rxa4 Nc7 44. Rc4 Re7 45. Rf5 1/2-1/2

[Event "13sen.WMH 2003 Senioren"]
[Site "Bad Zwischenahn(17.11.-29.11.2003)"]
[Date "2003.11.29"]
[Round "9"]
[White "Jakobsen, Henning"]
[Black "Schulz, Hermann[35Uelzen]"]
[Result "1/2-1/2"]
[WhiteElo "1634"]
[BlackElo "1584"]
[PlyCount "34"]


1. f4 d5 2. Nf3 Nf6 3. e3 c5 4. b3 Nc6 5. Bb5 Bd7 6. Bb2 e6 7. O-O Be7 8. Qe2
O-O 9. d3 Rc8 10. Nbd2 a6 11. Bxc6 Bxc6 12. Ne5 b5 13. e4 Bb7 14. Rf3 c4 15.
bxc4 bxc4 16. dxc4 dxe4 17. Rb3 Qc7 1/2-1/2

[Event "13sen.WMH 2003 Senioren"]
[Site "Bad Zwischenahn(17.11.-29.11.2003)"]
[Date "2003.11.29"]
[Round "9"]
[White "Josting, Friedel"]
[Black "Neese, Hans-Joachim"]
[Result "0-1"]
[WhiteElo "1866"]
[BlackElo "2132"]
[PlyCount "70"]


1. d4 e6 2. Bf4 c5 3. c3 Qb6 4. Qc2 Nf6 5. e3 Nc6 6. Nf3 d5 7. Nbd2 Bd7 8. Rc1
Rc8 9. Qb1 a5 10. Be2 Nh5 11. Bg3 Nxg3 12. hxg3 g6 13. Ng5 h6 14. g4 Bg7 15.
Nh3 e5 16. dxe5 Nxe5 17. Nf4 Qd6 18. Rd1 Qc6 19. e4 d4 20. Nd5 b5 21. f3 a4 22.
Rc1 dxc3 23. Nxc3 c4 24. b3 axb3 25. axb3 Be6 26. O-O O-O 27. Kh1 Rfd8 28. Rfd1
Nd3 29. Bxd3 Rxd3 30. Ne2 Qd6 31. Nf1 Rd8 32. Rxd3 cxd3 33. Nc3 d2 34. Nxd2
Bxc3 35. Rd1 Bxd2 0-1

[Event "13sen.WMH 2003 Senioren"]
[Site "Bad Zwischenahn(17.11.-29.11.2003)"]
[Date "2003.11.29"]
[Round "9"]
[White "Kerkhoff, Werner"]
[Black "Girod, Gudrun"]
[Result "1-0"]
[WhiteElo "1691"]
[BlackElo "1398"]
[PlyCount "95"]


1. c4 c5 2. g3 e6 3. Bg2 Nf6 4. Nf3 d5 5. cxd5 exd5 6. d4 Nc6 7. O-O h6 8. Nc3
Be6 9. e3 Be7 10. b3 O-O 11. Bb2 cxd4 12. exd4 Bg4 13. Re1 Bb4 14. Qd3 Bxc3 15.
Bxc3 Qd7 16. Ne5 Nxe5 17. dxe5 Bf5 18. Qd4 Nh7 19. Qxd5 Qxd5 20. Bxd5 Rab8 21.
Rac1 Be6 22. Bg2 b6 23. Bb4 Rfc8 24. Bd6 Rxc1 25. Rxc1 Rc8 26. Rxc8+ Bxc8 27.
Bf1 Ng5 28. Bg2 Bf5 29. f4 Ne4 30. Bb8 a6 31. Bf1 b5 32. Bd3 g6 33. g4 Nc5 34.
Bxf5 gxf5 35. gxf5 Nd3 36. e6 fxe6 37. fxe6 Kf8 38. Bd6+ Ke8 39. b4 Nc1 40. Kf2
Nxa2 41. f5 Nc3 42. Kf3 Nd5 43. Bc5 Nf6 44. h3 h5 45. Kf4 Nd5+ 46. Kg5 Ne7 47.
f6 Nc6 48. f7+ 1-0

[Event "13sen.WMH 2003 Senioren"]
[Site "Bad Zwischenahn(17.11.-29.11.2003)"]
[Date "2003.11.29"]
[Round "9"]
[White "Klopfer, Gert"]
[Black "Rauscher, Erwin[23AUT]"]
[Result "1-0"]
[WhiteElo "1446"]
[BlackElo "1369"]
[PlyCount "87"]


1. d4 Nf6 2. Bg5 g6 3. Bxf6 exf6 4. e3 d5 5. Bb5+ c6 6. Ba4 Bg7 7. Ne2 O-O 8.
O-O Nd7 9. Nbc3 Rb8 10. e4 Nb6 11. Bb3 Be6 12. a4 a5 13. Qd2 Ra8 14. Nc1 dxe4
15. Nxe4 Bxb3 16. Nxb3 Qd5 17. Nec5 Ra7 18. Nxa5 Nc4 19. Nxc4 Qxc4 20. b3 Qd5
21. c4 Qd8 22. Rad1 Qd6 23. Qb4 Qc7 24. d5 Rd8 25. Rfe1 Bf8 26. a5 cxd5 27. Qb6
Qb8 28. Rxd5 Rxd5 29. cxd5 Bxc5 30. Qxc5 Ra6 31. b4 Qd8 32. Qb5 Qc7 33. g3 Rd6
34. Qe8+ Kg7 35. Re7 Qc1+ 36. Kg2 Rxd5 37. Qxf7+ Kh6 38. Qxd5 Qb2 39. Qxb7 Qd4
40. h4 g5 41. Rxh7+ Kg6 42. Qg7+ Kf5 43. Qd7+ Ke4 44. Qxd4+ 1-0